000 01049nam a22003137a 4500
001 7567
003 FISKH
005 20250724103620.0
008 250724b cb ||||| |||| 00| 0 eng d
020 _a9780439225656
040 _aIMF
_cIMF
_dDLC
_beng
050 _aPZ7
082 _a600
100 1 _aDanko, Dan
245 _aMax Steel :
_cTake it to the Max /
_bBy Dan Danko and Tom Mason ; Based on the teleplay " Sacrifices" written by Greg Weisman
250 _aThis edition first published in 2001
260 _aNew York :
_bScholastic,
_c2001.
300 _a61 pages :
_billustrations ;
_c20 cm
490 0 _aMax Steel
505 _aR
520 _aInfected with nanoprobes, Josh McGrath can transform into N-Tek secret agent Max Steel. Max's superhuman strength and speed make him the perfect choice for N-Tek's toughest jobs.
521 8 _a700
_bLexile
521 8 _aR
_bRaz-Plus
650 _2Superheroes
_aChapter book
650 _2Boys
700 1 _aMason, Tom,
_d(1958-)
942 _2ddc
_cBK
_n0
999 _c7567
_d7567